000 00381 a2200109 4500
001 ART_45272
005 20260410161743.0
008 260409a
245 1 0 _aAnálisis de las sentencias de la CNTrab. sobre el control constitucional del procedimiento de la ley 27348
100 1 _aFormaro, Juan J.
773 0 _tDoctrina laboral
_g- Nº 389 (ene. 2018)
_wREV4049
999 _c18948
_d18948